Видообразование у растений : (Record no. 20731)
[ view plain ]
| 000 -LEADER | |
|---|---|
| fixed length control field | 00846-am-a2200241-a-4500 |
| 001 - CONTROL NUMBER | |
| control field | 000068862 |
| 003 - CONTROL NUMBER IDENTIFIER | |
| control field | AM-YEHGA |
| 005 - DATE AND TIME OF LATEST TRANSACTION | |
| control field | 20250617121651.0 |
| 008 - FIXED-LENGTH DATA ELEMENTS--GENERAL INFORMATION | |
| fixed length control field | 990229s1984 ru ||||| |||| 00| 0 rus d |
| 040 ## - CATALOGING SOURCE | |
| Original cataloging agency | AM-YeHGA |
| 041 1# - LANGUAGE CODE | |
| Language code of text/sound track or separate title | rus |
| Language code of original | eng |
| 090 ## - LOCALLY ASSIGNED LC-TYPE CALL NUMBER (OCLC); LOCAL CALL NUMBER (RLIN) | |
| -- | 20947 |
| 100 1# - MAIN ENTRY--PERSONAL NAME | |
| Personal name | Грант, Верн |
| 245 10 - TITLE STATEMENT | |
| Title | Видообразование у растений : |
| Remainder of title | Пер. с англ. / |
| Statement of responsibility, etc. | В. Грант; Пер. Н.О. Фоминой; Под ред. А.Л. Тахтаджяна. |
| 246 3# - VARYING FORM OF TITLE | |
| Title proper/short title | Plant Speciation |
| 260 ## - PUBLICATION, DISTRIBUTION, ETC. | |
| Place of publication, distribution, etc. | Москва : |
| Name of publisher, distributor, etc. | Мир, |
| Date of publication, distribution, etc. | 1984. |
| 300 ## - PHYSICAL DESCRIPTION | |
| Extent | 528 с. : |
| Other physical details | ил. |
| 650 14 - SUBJECT ADDED ENTRY--TOPICAL TERM | |
| Topical term or geographic name entry element | Ботаника |
| 650 14 - SUBJECT ADDED ENTRY--TOPICAL TERM | |
| Topical term or geographic name entry element | Видообразование у растений |
| 700 1# - ADDED ENTRY--PERSONAL NAME | |
| Personal name | Фомина, Н.О. |
| Relationship | trl |
| Relator term | пер. |
| 700 1# - ADDED ENTRY--PERSONAL NAME | |
| Personal name | Թախտաջյան, Արմեն Լևոնի, |
| Dates associated with a name | 1910-2009 |
| Relationship | edt |
| Fuller form of name | ред. |
| 942 ## - ADDED ENTRY ELEMENTS (KOHA) | |
| Source of classification or shelving scheme | Universal Decimal Classification |
| Koha item type | Գրքեր / Books |
| Withdrawn status | Lost status | Source of classification or shelving scheme | Damaged status | Not for loan | Collection | Home library | Current library | Date acquired | Total checkouts | Full call number | Barcode | Date last seen | Price effective from | Koha item type | Public note |
|---|---|---|---|---|---|---|---|---|---|---|---|---|---|---|---|
| Universal Decimal Classification | General | Fundamental Scientific Library | Fundamental Scientific Library | 21/12/2016 | PII/525653 | FL0180429 | 21/12/2016 | 21/12/2016 | Գրքեր / Books | 30 Days Loan | |||||
| Universal Decimal Classification | General | Fundamental Scientific Library | Fundamental Scientific Library | 21/12/2016 | PII/526925 | FL0176768 | 21/12/2016 | 21/12/2016 | Գրքեր / Books | 30 Days Loan |
ՀՀ Գիտությունների ազգային ակադեմիայի հիմնարար գիտական գրադարան = Fundamental Scientific Library of NAS RA
All site content, except where otherwise noted, is licensed under a